[Event "Bangkok Olympiad Qual"]
[Site "Bangkok"]
[Date "2024.03.27"]
[Round "7"]
[White "Gnanasekar, Jai Adithya"]
[Black "Wongbenjarat, Supakrit"]
[Result "1-0"]
[WhiteElo "1833"]
[BlackElo "1614"]
[PlyCount "61"]
[EventDate "2024.03.24"]
[EventType "swiss"]
[EventRounds "7"]
[EventCountry "THA"]
[SourceTitle "CB14_2024"]
[SourceDate "2024.04.01"]
[SourceVersion "1"]
[SourceVersionDate "2024.04.01"]
[SourceQuality "1"]

1. d4 d5 2. c4 e6 3. Nf3 Nf6 4. g3 Be7 5. Bg2 0-0 6. 0-0 c6 7. Nc3 Nbd7 8. Re1 dxc4 9. a4 b6 10. Nd2 Bb7 11. Nxc4 Nd5 12. e4 Nxc3 13. bxc3 c5 14. d5 exd5 15. exd5 Bf6 16. Qb3 Ba6 17. Bf4 Bxc4 18. Qxc4 Re8 19. d6 Rc8 20. Bd5 Rxe1+ 21. Rxe1 Qf8 22. Qb5 g5 23. Qxd7 gxf4 24. Re7 Bxe7 25. dxe7 Qe8 26. Qg4+ Kh8 27. Bxf7 Qxe7 28. Qxc8+ Kg7 29. Qg8+ Kf6 30. Bd5 Qd7 31. gxf4 1-0